| 000 | 01247nab a22002297a 4500 | ||
|---|---|---|---|
| 999 |
_c5665 _d5665 |
||
| 003 | OSt | ||
| 005 | 20251226123909.0 | ||
| 008 | 190429b xxu||||| |||| 00| 0 spa d | ||
| 040 | _cPJ | ||
| 100 |
_96519 _aBorzi Cirilli, Federico A. |
||
| 245 | 1 | 3 |
_aLa ley del arrepentido y el derecho a controlar la prueba de cargo. Con especial referencia al caso "Cuadernos" /
_cFederico A. Borzi Cirilli. |
| 260 |
_cCiudad Autónoma de Buenos Aires : _aThomson Reuters La Ley, _b2025. |
||
| 300 | _ap. 73-78 | ||
| 500 | _aCita: TR LALEY AR/DOC/2191/2025. | ||
| 505 | _aSumario: I. Introducción.— II. El objeto de la ley y su ámbito de aplicación.— III. Su aplicación en la causa "cuadernos".— IV. Sobre la incorporación de los acuerdos de colaboración al juicio oral y el derecho a controlar toda prueba de cargo. El precedente "Benítez".— V. Conclusiones. | ||
| 505 | _tSi te interesa el texto completo, solicitalo a koha@justierradelfuego.gov.ar | ||
| 650 | 0 |
_9343 _aDERECHO PENAL |
|
| 650 | 0 |
_92967 _aARREPENTIDO |
|
| 650 | 0 |
_9180 _aDEBIDO PROCESO |
|
| 773 | 0 |
_02658 _93164 _tRevista de derecho penal y criminología. Nº 8 - Octubre 2025 _dCiudad Autónoma de Buenos Aires : Thomson Reuters La Ley, 2017- _x00347914 |
|
| 942 |
_2udc _cANA |
||